Management attitudes and practices towrds women at work: an employment policy urvey carried out on behalf of the department of employment (Record no. 495835)

000 -LEADER
fixed length control field 00391cam a22000977a 4500
008 - FIXED-LENGTH DATA ELEMENTS--GENERAL INFORMATION
fixed length control field 180718b1975 xxu||||| |||| 00| 0 eng d
082 ## - DEWEY DECIMAL CLASSIFICATION NUMBER
Classification number R16x42 Un3m
245 ## - TITLE STATEMENT
Title Management attitudes and practices towrds women at work: an employment policy urvey carried out on behalf of the department of employment
Statement of responsibility, etc. by Hunt, Audrey
260 ## - PUBLICATION, DISTRIBUTION, ETC.
Place of publication, distribution, etc. London
Name of publisher, distributor, etc. Her Majesty's Stationery Office
Date of publication, distribution, etc. 1975
300 ## - PHYSICAL DESCRIPTION
Extent 221p
Holdings
Withdrawn status Lost status Damaged status Not for loan Permanent Location Current Location Date acquired Full call number Barcode Date last seen Price effective from Koha item type
        Indian Institute of Public Administration Indian Institute of Public Administration 2018-08-04 R16x42 Un3m G13076 2018-08-04 2018-08-04 G

Powered by Koha